| 000 | 01235cad a22002295a 4500 | ||
|---|---|---|---|
| 001 | L142512 | ||
| 008 | 080221s2007 xxkad f s 000 0 eng d | ||
| 035 | _a(Sirsi) u142512 | ||
| 041 | 0 | _aeng | |
| 050 | 0 | 4 | _a333.33 $2 18 |
| 110 | 2 |
_aCB Richard Ellis _93675 |
|
| 245 | 0 | 0 |
_aCentral and Eastern European office market view _byear end 2007 _h[electronic resource] |
| 260 |
_a[S.l.] _bCBRE _c2007 |
||
| 490 | 0 |
_aCB Richard Ellis Central and Eastern European Office Market View _vyear end 2007 |
|
| 520 | _aReports that about 2.5 million square metres of modern office space was completed in the capital cities of Central and Eastern Europe in 2007. As a result, office stock increased by 1.7%. Finds that there was an overall vacancy rate of 6% at the year end; an all time low. Suggests that increases in prime rents in Moscow and Warsaw could be the beginning of a more widespread increase due to limited availability in some markets. | ||
| 590 | _aKA | ||
| 650 | 2 | 4 | _aCB RICHARD ELLIS CENTRAL AND EASTERN EUROPEAN OFFICE MARKET VIEW |
| 651 | 4 | _aEurope | |
| 690 | _aPROPERTY-COMMERCIAL PROPERTY-COMMERCIAL PROPERTY MARKET | ||
| 856 | 4 | 0 |
_uhttps://www.cbre.co.uk _zView the report free of charge at www.cbre.co.uk... |
| 942 | _n0 | ||
| 999 |
_c107909 _d107909 |
||